| 000 | 00972nam a2200253 i 4500 | ||
|---|---|---|---|
| 001 | 77617 | ||
| 003 | ES-MaACL | ||
| 005 | 20230906173313.0 | ||
| 007 | t| | ||
| 008 | 041027m20032004sp a |||| | spa d | ||
| 020 | _a84-95099-57-8 | ||
| 080 | _a353.2(460.186)(091) | ||
| 080 | _a94(460.186)"18/19" | ||
| 100 | 1 |
_aGarcía Segura, María Concepción. _955291 |
|
| 245 | 1 | 0 |
_aHistoria de la Diputación Provincial de Soria / _cMaría Concepción García Segura. |
| 260 |
_aSoria : _bDiputación Provincial de Soria, _c[2003-2004] |
||
| 300 |
_a2 v. : _bil. ; _c32 cm. |
||
| 504 | _aReferencias bibliográficas. | ||
| 505 | 8 | _aContiene: v. 1. Siglo XIX, años 1813-1843 (518 p.) - v. 2. Siglo XIX, años 1843-1902 (486 p.) | |
| 610 | 1 | 4 |
_aSoria (Provincia). _bDiputación Provincial- _vHistoria. _9149922 |
| 651 | 4 |
_aSoria (Provincia)- _xHistoria- _yS.XIX. _9149923 |
|
| 710 | 1 |
_aSoria (Provincia). _bDiputación Provincial. _96880 |
|
| 852 |
_aES-MaACL _jL-28366-67 |
||
| 999 |
_c77617 _d77617 |
||